000 00760nam a2200217Ia 4500
008 0000001976 sp a 0000000000spa00
020 _a8485253086
090 _aPSP00 B73
245 1 0 _aBrinkmann
_c/ Santiago Amón ... [ et al.]
300 _a113 p.
_c/ 20 cm.
440 _aColección Maniluvios
500 _aCon el patronazgo del maestro venezolano Jesús Rafael Soto (q.e.p.d.)
600 0 0 _aBRINKMANN, ENRIQUE, 1938/
_xTRABAJOS PICTORICOS \ BRINKMANN, ENRIQUE, 1938 CRITICA E INTERPRETACION
650 1 4 _aARTE CONTEMPORANEO ESPAÑOL
650 1 4 _xCATALOGOS
650 1 4 _aDIBUJOS ESPAÑOLES
650 1 4 _aPINTORES ESPAÑOLES
650 1 4 _aPINTURA ESPAÑOLA
700 1 _aAmón, Santiago
999 _c6328
_d6328
260 _aMadrid : Rayuela
_c1976